00394nam a2200157Ia 4500001000500000005001700005008004100022041000800063082001500071100003500086245006200121260000900183300002800192650000800220654000800228317420260306144901.0260306t1994||||xx |||||||||||||| ||spa|| aESP a261.8bD76 aDifrieri Barone, Jorge A.eAUT 0aEl derecho del trabajo y la doctrina social de la iglesia c1994 a140 páginas :c21 cm. aGEN aCHU